[Event "XI Torneo Leonardo di Bona Magistrale"]
[Site "Cutro ITA"]
[Date "2005.04.30"]
[Round "8"]
[White "Karpatchev, Aleksandr"]
[Black "Bratanov, Zsivko"]
[Result "1-0"]
[WhiteElo "2472"]
[BlackElo "2423"]
[PlyCount "64"]
[EventDate "2005.04.23"]

1. e4 d6 2. d4 Nf6 3. Nc3 e5 4. Nf3 Nbd7 5. Bc4 Be7 6. O-O O-O 7. Re1 c6 8. a4
b6 9. Ba2 a6 10. h3 Bb7 11. dxe5 dxe5 12. Nh4 g6 13. Bh6 Re8 14. Qf3 Bf8 15.
Bg5 Be7 16. Rad1 Bc8 17. Rd2 Kg7 18. Red1 Rf8 19. g3 Ra7 20. a5 b5 21. Qe3 Rb7
22. Bh6+ Kg8 23. Nf5 Re8 24. Nxe7+ Qxe7 25. Rd6 Nf8 26. Bg5 Ne6 27. Bxe6 Bxe6
28. Rxc6 Kg7 29. Qf3 h6 30. Nd5 Nxd5 31. Bxe7 Nxe7 32. Rxa6 b4 1-0

[Event "XI Torneo Leonardo di Bona Magistrale"]
[Site "Cutro ITA"]
[Date "2005.04.30"]
[Round "8"]
[White "Miladinovic, Igor"]
[Black "Ninov, Nikolai Ivanov"]
[Result "1-0"]
[WhiteElo "2604"]
[BlackElo "2486"]
[PlyCount "125"]
[EventDate "2005.04.23"]

1. d4 Nf6 2. Bg5 e6 3. e3 c5 4. c3 cxd4 5. exd4 b6 6. Nd2 Bb7 7. Ngf3 Be7 8.
Bxf6 Bxf6 9. Bd3 O-O 10. h4 Ba6 11. Ne4 Be7 12. g4 f5 13. gxf5 Rxf5 14. Ng3
Bxd3 15. Qxd3 Rf4 16. O-O-O Qf8 17. Ng5 Rxh4 18. Nf3 Rxh1 19. Rxh1 g6 20. Kb1
Nc6 21. d5 exd5 22. Qxd5+ Kh8 23. Nd4 Nxd4 24. Qxd4+ Bf6 25. Qxd7 Qe7 26. Qg4
Rd8 27. Ne4 Kg7 28. f3 Rd5 29. a4 h5 30. Qg2 Qd7 31. Qc2 Qf5 32. Qe2 Be5 33.
Rg1 Bf4 34. c4 Rd2 35. Qe1 Rh2 36. Rh1 Rg2 37. Qf1 Rd2 38. Ka2 Rd4 39. Qe2 Qe6
40. Kb3 Rd2 41. Qf1 Rd4 42. Rxh5 Rxc4 43. Rh7+ Kxh7 44. Qxc4 Qf5 45. Kc2 Be5
46. Qd5 Kh6 47. b4 a6 48. Qd2+ Kg7 49. Qd3 Qc8+ 50. Kd1 Qh3 51. Ke2 Qh2+ 52.
Nf2 Kh7 53. Kf1 Qf4 54. Qe2 Bd6 55. Qxa6 Qxb4 56. Qb7+ Kh8 57. Qc8+ Bf8 58. Ne4
Kg7 59. Qd7+ Be7 60. Qe6 Bf8 61. Qf6+ Kh7 62. Ng5+ Kh6 63. Nf7+ 1-0

[Event "XI Torneo Leonardo di Bona Magistrale"]
[Site "Cutro ITA"]
[Date "2005.04.30"]
[Round "8"]
[White "Mrdja, Milan"]
[Black "Velikov, Petar V."]
[Result "0-1"]
[WhiteElo "2373"]
[BlackElo "2427"]
[PlyCount "74"]
[EventDate "2005.04.23"]

1. e4 c5 2. Nf3 e6 3. d4 cxd4 4. Nxd4 a6 5. Bd3 Nf6 6. f4 d6 7. Nc3 Nbd7 8. Qf3
Nc5 9. Bd2 b5 10. O-O Bb7 11. b4 Nxd3 12. cxd3 Be7 13. Rac1 O-O 14. a3 Rc8 15.
Kh1 Nd7 16. Qh3 Bf6 17. Nde2 Re8 18. f5 e5 19. Ng3 Bg5 20. Bxg5 Qxg5 21. Qh5
Qxh5 22. Nxh5 Nb6 23. Kg1 Rc7 24. Ng3 Rec8 25. Nge2 d5 26. exd5 Bxd5 27. Kf2
Bb7 28. g4 f6 29. h4 Rd7 30. Rfd1 Rcd8 31. Ke3 Rd4 32. Ne4 Nc4+ 33. dxc4 Rxd1
34. Rxd1 Rxd1 35. N4c3 Ra1 36. cxb5 Rxa3 37. bxa6 Bxa6 0-1

[Event "XI Torneo Leonardo di Bona Magistrale"]
[Site "Cutro ITA"]
[Date "2005.04.30"]
[Round "8"]
[White "Panarello, Giuseppe"]
[Black "Lacrosse, Marc"]
[Result "0-1"]
[WhiteElo "2006"]
[BlackElo "2289"]
[PlyCount "126"]
[EventDate "2005.04.23"]

1. d4 d5 2. Nf3 Nf6 3. Bf4 c5 4. e3 Qb6 5. Qc1 Nc6 6. c3 Bf5 7. Nbd2 Rc8 8. Be2
h6 9. a3 e6 10. h3 Be7 11. O-O O-O 12. Ne5 Nxe5 13. Bxe5 Qd8 14. Qd1 c4 15. a4
Qb6 16. Qc1 Qa5 17. Bd1 Rc6 18. Bc2 Bxc2 19. Qxc2 Rfc8 20. f3 Ra6 21. Rfc1 Rcc6
22. e4 b5 23. b4 cxb3 24. Nxb3 Qb6 25. a5 Qd8 26. Qd3 Nd7 27. Bh2 dxe4 28. fxe4
Nc5 29. Nxc5 Rxc5 30. Qb1 Rxc3 31. Qxb5 Rxa5 32. Qb8 Qxb8 33. Bxb8 Bf6 34. e5
Rxc1+ 35. Rxc1 Bg5 36. Rc4 Kh7 37. Kf2 Kg6 38. Bd6 h5 39. Kf3 a6 40. Rc7 Ra1
41. Ra7 Bd2 42. h4 Be1 43. Be7 Ra4 44. Rd7 Ra2 45. Ra7 Rf2+ 46. Ke3 Ra2 47. Kf3
a5 48. Ra6 Kf5 49. Ra7 Rf2+ 50. Ke3 Rxg2 51. Bd8 Kg6 52. Ra6 Kf5 53. Ra7 f6 54.
exf6 gxf6 55. Kf3 Rh2 56. Rf7 Bxh4 57. Bxa5 Bg5 58. Rb7 Rh3+ 59. Kg2 Re3 60.
Rb5+ Kg4 61. d5 Re2+ 62. Kf1 Re5 63. Rb4+ Kf5 0-1

[Event "XI Torneo Leonardo di Bona Magistrale"]
[Site "Cutro ITA"]
[Date "2005.04.30"]
[Round "8"]
[White "Parrotta, Daniele"]
[Black "Rizzo, Giovanbattista"]
[Result "1-0"]
[WhiteElo "2006"]
[BlackElo "2088"]
[PlyCount "21"]
[EventDate "2005.04.23"]

1. d4 Nf6 2. Bg5 Ne4 3. h4 c5 4. d5 h6 5. Bf4 e6 6. f3 Bd6 7. Bxd6 Nxd6 8. e4
exd5 9. Qxd5 Qe7 10. Nc3 Na6 11. O-O-O 1-0

[Event "XI Torneo Leonardo di Bona Magistrale"]
[Site "Cutro ITA"]
[Date "2005.04.30"]
[Round "8"]
[White "Rinaldi, Francesco Saverio"]
[Black "Kasparova, Tatiana"]
[Result "1/2-1/2"]
[WhiteElo "2140"]
[BlackElo "2240"]
[PlyCount "20"]
[EventDate "2005.04.23"]

1. c4 c5 2. Nc3 Nc6 3. Nf3 Nf6 4. g3 g6 5. Bg2 Bg7 6. O-O O-O 7. d4 cxd4 8.
Nxd4 Nxd4 9. Qxd4 d6 10. Qh4 Rb8 1/2-1/2

[Event "XI Torneo Leonardo di Bona Magistrale"]
[Site "Cutro ITA"]
[Date "2005.04.30"]
[Round "8"]
[White "Roeder, Matthias"]
[Black "Napoli, Nicolo'"]
[Result "1/2-1/2"]
[WhiteElo "2404"]
[BlackElo "2205"]
[PlyCount "100"]
[EventDate "2005.04.23"]

1. Nf3 g6 2. c4 Nf6 3. Nc3 d5 4. d4 Bg7 5. e3 O-O 6. b4 a5 7. b5 c5 8. bxc6
Nxc6 9. Ba3 Bf5 10. Rc1 Nb4 11. Qb3 Bd3 12. c5 Ne4 13. Bxb4 Bxf1 14. Kxf1 axb4
15. Qxb4 Nxc3 16. Rxc3 Rxa2 17. g3 g5 18. h3 Qd7 19. Kg2 Rfa8 20. Qb1 h6 21.
Rb3 R8a7 22. Rb2 R2a5 23. Qc2 Qc8 24. Rc1 Qa8 25. Rcb1 Qc8 26. Rb6 Ra2 27. R1b2
Rxb2 28. Qxb2 Qc7 29. Qb5 Bf6 30. Qe8+ Kg7 31. g4 Ra2 32. Qb5 Ra7 33. Qb1 Qd7
34. Nh2 Qc8 35. Nf1 e6 36. Ng3 Bd8 37. Rb2 Qa8 38. c6 b6 39. Nh5+ Kh8 40. Rc2
Bc7 41. Nf6 Kg7 42. Nd7 Ra1 43. Qb4 Qa3 44. Qxa3 Rxa3 45. Kf3 f6 46. Rb2 Rc3
47. Nxb6 Rxc6 48. Nd7 Bd6 49. Rb7 Rc7 50. Rxc7 Bxc7 1/2-1/2

[Event "XI Torneo Leonardo di Bona Magistrale"]
[Site "Cutro ITA"]
[Date "2005.04.30"]
[Round "8"]
[White "Sautto, Alessandra"]
[Black "Cetkovic, Sergio"]
[Result "1/2-1/2"]
[WhiteElo "1968"]
[BlackElo "2121"]
[PlyCount "112"]
[EventDate "2005.04.23"]

1. d4 e6 2. e4 c5 3. Nf3 Nf6 4. Bd3 cxd4 5. Nxd4 Nc6 6. Nxc6 dxc6 7. Bg5 Be7 8.
O-O e5 9. h3 Be6 10. Nd2 h6 11. Be3 O-O 12. Qe2 Qc7 13. Bc4 Bxc4 14. Qxc4 b5
15. Qe2 a6 16. f3 Nh5 17. Qf2 Nf4 18. Nb3 Ne6 19. Nc5 Nf4 20. Rad1 Rfd8 21. Kh1
a5 22. Rfe1 Rxd1 23. Rxd1 Rd8 24. Qe1 a4 25. a3 Kh7 26. Rd2 Bxc5 27. Bxc5 Ne6
28. Be3 Rxd2 29. Qxd2 Qd8 30. Qxd8 Nxd8 31. Kg1 Kg6 32. Kf2 f5 33. exf5+ Kxf5
34. g4+ Ke6 35. f4 exf4 36. Bxf4 Kd5 37. Ke3 Ne6 38. Bg3 c5 39. Kd3 Nd4 40. h4
c4+ 41. Kd2 Ke4 42. Bf2 Nc6 43. g5 hxg5 44. hxg5 g6 45. Bc5 Kf4 46. Be3+ Kf3
47. Bc5 Ke4 48. Bb6 Ne7 49. Bd8 Nd5 50. Bf6 Kf5 51. Bd8 Ke5 52. Ba5 Kd4 53. Bd8
Kc5 54. Ba5 Kd4 55. Bd8 Kc5 56. Ba5 Kd4 1/2-1/2

[Event "XI Torneo Leonardo di Bona Magistrale"]
[Site "Cutro ITA"]
[Date "2005.04.30"]
[Round "8"]
[White "Sautto, Daniele"]
[Black "Voiska, Margarita"]
[Result "0-1"]
[WhiteElo "2119"]
[BlackElo "2340"]
[PlyCount "72"]
[EventDate "2005.04.23"]

1. e4 c5 2. c3 Nf6 3. e5 Nd5 4. d4 e6 5. Nf3 cxd4 6. Qxd4 Nc6 7. Qe4 Qc7 8.
Nbd2 f5 9. exf6 Nxf6 10. Qh4 Be7 11. Bd3 Ne5 12. Bc2 O-O 13. Ne4 Nxe4 14. Qxe4
Nxf3+ 15. gxf3 Rf5 16. Be3 Qe5 17. Qg4 Rg5 18. Qe4 Qxe4 19. fxe4 Rh5 20. O-O-O
d6 21. Bb3 Kf8 22. f4 b6 23. Rhf1 Rxh2 24. e5 d5 25. f5 Ke8 26. fxe6 Bxe6 27.
c4 Rc8 28. Kb1 Rxc4 29. Bxc4 dxc4 30. Rh1 Bf5+ 31. Ka1 Rxh1 32. Rxh1 Kd7 33. a4
Ke6 34. Bd4 Be4 35. Rg1 g5 36. Be3 Kf5 0-1

[Event "XI Torneo Leonardo di Bona Magistrale"]
[Site "Cutro ITA"]
[Date "2005.04.30"]
[Round "8"]
[White "Scerbo, Antonio"]
[Black "Bentivegna, Francesco"]
[Result "0-1"]
[WhiteElo "2097"]
[BlackElo "2229"]
[PlyCount "72"]
[EventDate "2005.04.23"]

1. d4 Nf6 2. c4 g6 3. Nc3 d5 4. cxd5 Nxd5 5. e4 Nxc3 6. bxc3 Bg7 7. Bc4 c5 8.
Be3 Nc6 9. Ne2 O-O 10. O-O Bd7 11. Qd2 Rc8 12. Rac1 Qa5 13. dxc5 Rfd8 14. Qc2
Ne5 15. Bd5 e6 16. Bxb7 Ba4 17. Qb2 Nd3 18. Qa3 Nxc1 19. Rxc1 Rc7 20. c6 Bf8
21. Qb2 Bxc6 22. Bxc6 Ba3 23. Qb3 Bxc1 24. Bxc1 Rxc6 25. h3 Rb6 26. Qc4 Qa6 27.
Qxa6 Rxa6 28. Bg5 Rd1+ 29. Kh2 Rxa2 30. Nd4 a5 31. Be7 Rxf2 32. Kg3 Rb2 33. Nc6
Rd3+ 34. Kf4 Rxc3 35. Nxa5 Rb5 36. Bf6 Rc8 0-1

[Event "XI Torneo Leonardo di Bona Magistrale"]
[Site "Cutro ITA"]
[Date "2005.04.30"]
[Round "8"]
[White "Starostits, Ilmars"]
[Black "Lazic, Miroljub"]
[Result "1-0"]
[WhiteElo "2450"]
[BlackElo "2500"]
[PlyCount "61"]
[EventDate "2005.04.23"]

1. e4 e5 2. Nf3 Nc6 3. c3 Nf6 4. d4 Nxe4 5. d5 Nb8 6. Nxe5 Qe7 7. Qd4 Nd6 8.
Kd1 Nf5 9. Qf4 g6 10. Ng4 Qd6 11. Bd3 Qxf4 12. Bxf4 d6 13. Re1+ Ne7 14. Nf6+
Kd8 15. Nd2 h6 16. Nde4 Bg7 17. Kc2 Nd7 18. Nxd7 Bxd7 19. Bxd6 cxd6 20. Nxd6
Ba4+ 21. b3 Kd7 22. Nxf7 Rhf8 23. Ne5+ Kc7 24. bxa4 Rxf2+ 25. Kb3 Nxd5 26. Bxg6
Rd8 27. Rad1 Nf4 28. Rxd8 Kxd8 29. Nf7+ Kc7 30. Re7+ Kb6 31. Be4 1-0

[Event "XI Torneo Leonardo di Bona Magistrale"]
[Site "Cutro ITA"]
[Date "2005.04.30"]
[Round "8"]
[White "Zaja, Ivan"]
[Black "Marholev, Dimitar"]
[Result "0-1"]
[WhiteElo "2489"]
[BlackElo "2395"]
[PlyCount "66"]
[EventDate "2005.04.23"]

1. d4 Nf6 2. c4 g6 3. Nc3 Bg7 4. e4 d6 5. f4 O-O 6. Nf3 c5 7. d5 e6 8. Be2 exd5
9. cxd5 Bg4 10. O-O Nbd7 11. Re1 Re8 12. h3 Bxf3 13. Bxf3 a6 14. a4 c4 15. Be3
Qa5 16. Kh1 Nc5 17. Bxc5 Qxc5 18. e5 dxe5 19. fxe5 Nd7 20. e6 Ne5 21. exf7+
Nxf7 22. Bg4 Rxe1+ 23. Qxe1 Nd6 24. Qe6+ Kh8 25. Rf1 Qc7 26. Qe3 b5 27. Qg3 Qc5
28. Bf3 Rf8 29. axb5 axb5 30. Qe1 Re8 31. Qb1 Qe3 32. Qc2 Nf5 33. Qf2 Qxf2 0-1

[Event "XI Torneo Leonardo di Bona Magistrale"]
[Site "Cutro ITA"]
[Date "2005.05.01"]
[Round "9"]
[White "Bentivegna, Francesco"]
[Black "Roeder, Matthias"]
[Result "1/2-1/2"]
[WhiteElo "2229"]
[BlackElo "2404"]
[PlyCount "52"]
[EventDate "2005.04.23"]

1. e4 c5 2. c3 Nf6 3. e5 Nd5 4. d4 cxd4 5. Nf3 Nc6 6. cxd4 d6 7. Bc4 Nb6 8. Bb5
dxe5 9. Nxe5 Bd7 10. Nxd7 Qxd7 11. Nc3 e6 12. O-O Rd8 13. a4 a6 14. Bxc6 Qxc6
15. Bg5 f6 16. Be3 Bb4 17. d5 Nxd5 18. Nxd5 exd5 19. Qg4 Bf8 20. Qg3 Qd7 21.
Bb6 Rc8 22. Rac1 Rc6 23. Rxc6 bxc6 24. Qb8+ Kf7 25. Qa8 Rg8 26. Qxa6 Bd6
1/2-1/2

[Event "XI Torneo Leonardo di Bona Magistrale"]
[Site "Cutro ITA"]
[Date "2005.05.01"]
[Round "9"]
[White "Bratanov, Zsivko"]
[Black "Zaja, Ivan"]
[Result "1/2-1/2"]
[WhiteElo "2423"]
[BlackElo "2489"]
[PlyCount "113"]
[EventDate "2005.04.23"]

1. d4 e6 2. Nf3 Nf6 3. g3 b6 4. Bg2 Bb7 5. O-O Be7 6. c4 O-O 7. d5 Na6 8. Nd4
Nc5 9. Nc3 a5 10. e4 Ne8 11. f4 f6 12. b3 g6 13. f5 Ng7 14. Bh6 Bd6 15. Qg4 Be5
16. Rad1 Qe8 17. Nce2 Bc8 18. d6 cxd6 19. Nb5 d5 20. fxg6 hxg6 21. exd5 f5 22.
Qg5 Bb7 23. Nf4 Bxf4 24. Qxf4 e5 25. Qh4 Qb8 26. Bg5 Ba6 27. Be7 Bxb5 28. cxb5
d6 29. Bxf8 Qxf8 30. Qc4 Nh5 31. a3 Qh6 32. Rfe1 e4 33. b4 axb4 34. axb4 Nd3
35. Re2 Qg7 36. Rf1 Ra7 37. Rc2 Re7 38. Rb1 Ne5 39. Qe2 Ng4 40. Rd1 Qh6 41. Rc3
Nhf6 42. Bf1 g5 43. h3 Ne5 44. Qf2 Nf3+ 45. Rxf3 exf3 46. Qxf3 f4 47. gxf4 gxf4
48. Rd4 Nh5 49. Rc4 Rg7+ 50. Kf2 Qg5 51. Rc8+ Kf7 52. Qg4 Qxg4 53. hxg4 Nf6 54.
Kf3 Rxg4 55. Rc6 Rg1 56. Be2 Ke7 57. Rxb6 1/2-1/2

[Event "XI Torneo Leonardo di Bona Magistrale"]
[Site "Cutro ITA"]
[Date "2005.05.01"]
[Round "9"]
[White "Bukal, Vladimir jr"]
[Black "Georgiev, Krum I."]
[Result "1-0"]
[WhiteElo "2405"]
[BlackElo "2457"]
[PlyCount "71"]
[EventDate "2005.04.23"]

1. d4 Nf6 2. c4 g6 3. g3 Bg7 4. Bg2 O-O 5. Nc3 d6 6. Nf3 c6 7. O-O a6 8. e4 Be6
9. d5 Bg4 10. h3 Bxf3 11. Bxf3 Nfd7 12. Be3 Qa5 13. Rb1 Rc8 14. Be2 h5 15. f4
Qd8 16. Bd3 b5 17. e5 cxd5 18. cxd5 dxe5 19. f5 e4 20. Bxe4 Ne5 21. d6 Nbc6 22.
dxe7 Qxe7 23. f6 Qe6 24. fxg7 Qxh3 25. Bg2 Qxg3 26. Bf4 Qh4 27. Bxe5 Nxe5 28.
Bxa8 Rxa8 29. Qd2 b4 30. Nd5 Rd8 31. Qf4 Qxf4 32. Nxf4 Rd2 33. Rf2 Rd4 34. Re1
Ng4 35. Rff1 Kxg7 36. Re7 1-0

[Event "XI Torneo Leonardo di Bona Magistrale"]
[Site "Cutro ITA"]
[Date "2005.05.01"]
[Round "9"]
[White "Cordi', Domenico"]
[Black "Scerbo, Antonio"]
[Result "0-1"]
[WhiteElo "2084"]
[BlackElo "2097"]
[PlyCount "48"]
[EventDate "2005.04.23"]

1. e4 c5 2. Nf3 Nc6 3. d4 cxd4 4. Nxd4 Nf6 5. Nc3 e5 6. Ndb5 d6 7. a4 a6 8. Na3
Be6 9. Bg5 Be7 10. Nc4 Nd4 11. a5 Rc8 12. Nb6 Rc5 13. Bd3 Nc6 14. Nca4 Rxa5 15.
c4 Nd7 16. Bxe7 Qxe7 17. Nc8 Qg5 18. Nxd6+ Ke7 19. Nxb7 Qxg2 20. Bf1 Qxe4+ 21.
Qe2 Qxh1 22. Qd3 Rxa4 23. Qd6+ Kf6 24. Rxa4 Qe4+ 0-1

[Event "XI Torneo Leonardo di Bona Magistrale"]
[Site "Cutro ITA"]
[Date "2005.05.01"]
[Round "9"]
[White "Hocevar, Nikola"]
[Black "Blasco, Domenico"]
[Result "1/2-1/2"]
[WhiteElo "2092"]
[BlackElo "2004"]
[PlyCount "127"]
[EventDate "2005.04.23"]

1. c4 g6 2. d4 Bg7 3. Nc3 d6 4. e4 Nc6 5. Be3 e5 6. Nge2 f5 7. f3 Nf6 8. d5 Ne7
9. Qd2 O-O 10. O-O-O fxe4 11. Nxe4 Nf5 12. Bg5 Nxe4 13. fxe4 Qxg5 14. Qxg5 Bh6
15. Qd2 Bxd2+ 16. Kxd2 Nh6 17. h3 Bd7 18. Ke3 Rf6 19. Ng3 Raf8 20. Be2 Kf7 21.
Rhf1 Ke7 22. Rxf6 Rxf6 23. Rf1 Ng8 24. b4 Rxf1 25. Nxf1 Nf6 26. g4 h6 27. Nd2
Nh7 28. Kf2 Ng5 29. Kg3 Kf6 30. c5 Ba4 31. cxd6 cxd6 32. Bd3 a6 33. a3 Ke7 34.
h4 Nh7 35. Kf2 Bd1 36. Be2 Bxe2 37. Kxe2 Kd7 38. Kf3 Kc7 39. Nc4 Nf6 40. g5
hxg5 41. hxg5 Nd7 42. Ke3 Nb6 43. Nb2 Kd8 44. Kd3 Ke7 45. Kc3 Nd7 46. Nd3 Nf8
47. Ne1 Kd7 48. Nf3 Kc7 49. Nd2 Nh7 50. Nf3 Kb6 51. Kc4 Nf8 52. Nh4 Kc7 53. Nf3
Nh7 54. a4 b6 55. a5 bxa5 56. bxa5 Kd7 57. Kd3 Ke7 58. Kc4 Nf8 59. Nd2 Kd8 60.
Kd3 Nh7 61. Nf3 Ke7 62. Kc4 Nf8 63. Nd2 Nh7 64. Nf3 1/2-1/2

[Event "XI Torneo Leonardo di Bona Magistrale"]
[Site "Cutro ITA"]
[Date "2005.05.01"]
[Round "9"]
[White "Kasparov, Sergey"]
[Black "Ivanov, Mikhail M."]
[Result "1/2-1/2"]
[WhiteElo "2461"]
[BlackElo "2418"]
[PlyCount "83"]
[EventDate "2005.04.23"]

1. e4 c5 2. Nf3 Nc6 3. Bb5 Na5 4. c3 a6 5. Ba4 c4 6. O-O Qc7 7. Bc2 d6 8. Qe2
Bg4 9. b4 cxb3 10. axb3 Rc8 11. d4 e6 12. d5 Be7 13. e5 b6 14. dxe6 fxe6 15. h3
Bh5 16. exd6 Bxd6 17. Qxe6+ Ne7 18. Ng5 h6 19. Ne4 Bh2+ 20. Kh1 Bf7 21. Qg4
Bxb3 22. Qxg7 Be5 23. Nf6+ Bxf6 24. Qxf6 Rf8 25. Bg6+ Kd7 26. Qd4+ Bd5 27. Bc2
Qd6 28. Qg4+ Kc7 29. Ba3 Qe5 30. f4 Qf6 31. Qe2 Rce8 32. Qf2 Rg8 33. Rg1 Nf5
34. Bxf5 Qxf5 35. Kh2 Re4 36. Bc1 Rge8 37. Rxa5 bxa5 38. Qc5+ Kb8 39. c4 Be6
40. Qb6+ Kc8 41. Qxa6+ Kc7 42. Qa7+ 1/2-1/2

[Event "XI Torneo Leonardo di Bona Magistrale"]
[Site "Cutro ITA"]
[Date "2005.05.01"]
[Round "9"]
[White "Lacrosse, Marc"]
[Black "Abatino, Maurizio"]
[Result "1/2-1/2"]
[WhiteElo "2289"]
[BlackElo "2214"]
[PlyCount "26"]
[EventDate "2005.04.23"]

1. d4 Nf6 2. c4 e6 3. Nf3 Bb4+ 4. Bd2 Qe7 5. g3 Nc6 6. Nc3 Bxc3 7. Bxc3 Ne4 8.
Rc1 d6 9. d5 Nxc3 10. Rxc3 Nb8 11. dxe6 fxe6 12. Bg2 Nd7 13. O-O Nf6 1/2-1/2

[Event "XI Torneo Leonardo di Bona Magistrale"]
[Site "Cutro ITA"]
[Date "2005.05.01"]
[Round "9"]
[White "Lazic, Miroljub"]
[Black "Brancaleoni, Maurizio"]
[Result "1/2-1/2"]
[WhiteElo "2500"]
[BlackElo "2296"]
[PlyCount "143"]
[EventDate "2005.04.23"]

1. e4 e5 2. Bc4 Nf6 3. Nc3 Bb4 4. Qf3 O-O 5. Nge2 Nc6 6. a3 Ba5 7. O-O d6 8. h3
Be6 9. d3 Bxc3 10. Nxc3 Nd4 11. Qd1 d5 12. exd5 Nxd5 13. Ne4 Ne7 14. c3 Bxc4
15. dxc4 Ne6 16. Qb3 Qd3 17. Re1 Nd4 18. Qd1 Qxd1 19. Rxd1 Nb3 20. Rb1 Rfd8 21.
Be3 b6 22. c5 f5 23. Nd2 Nxc5 24. Bxc5 bxc5 25. Nb3 Rxd1+ 26. Rxd1 Rb8 27. Nxc5
Rxb2 28. Rd7 Kf7 29. Rxc7 a5 30. Nd3 Rb1+ 31. Kh2 Ke6 32. Nxe5 Kxe5 33. Rxe7+
Kf6 34. Ra7 Rb5 35. h4 Rc5 36. g3 h6 37. Kg2 g6 38. Ra6+ Kf7 39. c4 Rxc4 40.
Rxa5 Rc3 41. h5 Rc6 42. a4 Kf6 43. Rb5 gxh5 44. Rb3 Kg5 45. a5 h4 46. Ra3 Ra6
47. Ra4 hxg3 48. fxg3 Kg6 49. Kf3 Kf6 50. Ke3 Ke5 51. Kf3 Kf6 52. Kf4 Ke6 53.
Ra2 Kf6 54. Ra3 Kg6 55. Ke5 Kg5 56. Ra4 h5 57. Ra1 Kg4 58. Ra3 Kg5 59. Ra4 Kg6
60. Kd5 f4 61. gxf4 Kf5 62. Kc5 h4 63. Kb5 Ra8 64. a6 h3 65. Ra3 Rh8 66. a7 h2
67. Ra1 Kxf4 68. Kb6 Kg3 69. Kb7 Kg2 70. Ra2+ Kg3 71. Rxh2 Kxh2 72. a8=Q
1/2-1/2

[Event "XI Torneo Leonardo di Bona Magistrale"]
[Site "Cutro ITA"]
[Date "2005.05.01"]
[Round "9"]
[White "Marholev, Dimitar"]
[Black "Drasko, Milan"]
[Result "0-1"]
[WhiteElo "2395"]
[BlackElo "2510"]
[PlyCount "98"]
[EventDate "2005.04.23"]

1. Nf3 d5 2. g3 c6 3. Bg2 Bg4 4. O-O Nd7 5. d3 Ngf6 6. b3 e5 7. Bb2 Bd6 8. Nbd2
O-O 9. e4 Re8 10. Re1 a5 11. h3 Bh5 12. a4 Qc7 13. Qc1 Rad8 14. Ba3 dxe4 15.
Bxd6 Qxd6 16. Nc4 Qc5 17. dxe4 Bxf3 18. Bxf3 Nb6 19. Qe3 Qxe3 20. Nxe3 g6 21.
Rad1 Kf8 22. Bg2 Ke7 23. f3 Nfd7 24. h4 Nc5 25. Bh3 h5 26. Rxd8 Rxd8 27. Rd1
Rd4 28. Kf2 Ke8 29. Ke2 Ke7 30. Rh1 Rd8 31. Rb1 Rd6 32. Ke1 Rd4 33. Ke2 Rd8 34.
Rh1 Rd6 35. Rg1 Rd8 36. Rf1 Rd6 37. Rc1 Rd8 38. Rb1 Rd6 39. Ke1 Rd4 40. Ke2 Rd8
41. Rc1 Rd6 42. Rd1 Rd4 43. Rxd4 exd4 44. Nd1 d3+ 45. cxd3 Nxb3 46. Nc3 Nc5 47.
d4 Ncxa4 48. Nxa4 Nxa4 49. Bc8 b5 0-1

[Event "XI Torneo Leonardo di Bona Magistrale"]
[Site "Cutro ITA"]
[Date "2005.05.01"]
[Round "9"]
[White "Miladinovic, Igor"]
[Black "Blagojevic, Dragisa"]
[Result "1-0"]
[WhiteElo "2604"]
[BlackElo "2549"]
[PlyCount "81"]
[EventDate "2005.04.23"]

1. d4 d5 2. Bg5 c5 3. dxc5 Nf6 4. Nd2 Na6 5. e4 Nxc5 6. exd5 Nxd5 7. Qf3 f6 8.
Bb5+ Kf7 9. O-O-O e6 10. Bc4 b6 11. Be3 Nxe3 12. Qxe3 Qc7 13. Ne2 Ba6 14. Nd4
Re8 15. Rhe1 Qc8 16. Kb1 Bxc4 17. Nxc4 Qa6 18. Qe2 Kg8 19. f4 h5 20. f5 e5 21.
Nb3 Qc8 22. Ne3 Nxb3 23. axb3 Bc5 24. Qc4+ Kh7 25. Qf7 Re7 26. Qg6+ Kg8 27. Nd5
Rf7 28. Rf1 a5 29. Qg3 Qb7 30. Qf3 Rd7 31. Qe4 Kh7 32. Rf3 Bd4 33. Rxd4 exd4
34. Rh3 g6 35. Nxf6+ Kg7 36. Qe5 Re7 37. Nxh5+ Kg8 38. Nf6+ Kf7 39. fxg6+ Kxg6
40. Qg3+ Kf7 41. Rxh8 1-0

[Event "XI Torneo Leonardo di Bona Magistrale"]
[Site "Cutro ITA"]
[Date "2005.05.01"]
[Round "9"]
[White "Napoli, Nicolo'"]
[Black "Mrdja, Milan"]
[Result "1-0"]
[WhiteElo "2205"]
[BlackElo "2373"]
[PlyCount "48"]
[EventDate "2005.04.23"]

1. e4 d6 2. d4 Nf6 3. Nc3 e5 4. Nf3 Nbd7 5. g3 c6 6. Bg2 b5 7. a3 Be7 8. O-O
O-O 9. Qe2 a5 10. Rd1 Qc7 11. d5 Ba6 12. b4 Rfc8 13. dxc6 Qxc6 14. Bb2 Rab8 15.
Rac1 Nb6 16. Nd5 Nbxd5 17. exd5 Qc4 18. Qxc4 Rxc4 19. Bf1 Rc7 20. Nxe5 Bb7 21.
c4 axb4 22. axb4 bxc4 23. Rxc4 Rbc8 24. Rxc7 Rxc7 1-0

[Event "XI Torneo Leonardo di Bona Magistrale"]
[Site "Cutro ITA"]
[Date "2005.05.01"]
[Round "9"]
[White "Santurbano, Maria Vincenza"]
[Black "Rizzo, Giovanbattista"]
[Result "0-1"]
[WhiteElo "2043"]
[BlackElo "2088"]
[PlyCount "60"]
[EventDate "2005.04.23"]

1. e4 c5 2. Nf3 d6 3. d4 cxd4 4. Nxd4 Nf6 5. Nc3 g6 6. Be2 Nc6 7. Bg5 Bg7 8.
Nb3 O-O 9. Qd2 a5 10. a4 Be6 11. O-O Rc8 12. Bh6 Bxh6 13. Qxh6 Qb6 14. Bb5 Bxb3
15. cxb3 Nd4 16. Qe3 Qc5 17. Bc4 Ng4 18. Qh3 Ne5 19. Nd5 Rfe8 20. Rac1 Kg7 21.
Rc3 Qa7 22. Qh4 Nxc4 23. Rh3 h5 24. bxc4 Rxc4 25. Nxe7 Ne2+ 26. Kh1 Qd4 27. Re3
Qxb2 28. h3 Rc1 29. Rxe2 Rxf1+ 30. Kh2 Qxe2 0-1

[Event "XI Torneo Leonardo di Bona Magistrale"]
[Site "Cutro ITA"]
[Date "2005.05.01"]
[Round "9"]
[White "Sautto, Alessandra"]
[Black "Panarello, Giuseppe"]
[Result "1/2-1/2"]
[WhiteElo "1968"]
[BlackElo "2006"]
[PlyCount "24"]
[EventDate "2005.04.23"]

1. d4 d5 2. Nf3 c6 3. c3 Bf5 4. Bf4 Nd7 5. e3 e6 6. Nbd2 Ngf6 7. h3 h6 8. Be2
Be7 9. O-O O-O 10. Qb3 Qb6 11. Ne5 Nxe5 12. Bxe5 Nd7 1/2-1/2

[Event "XI Torneo Leonardo di Bona Magistrale"]
[Site "Cutro ITA"]
[Date "2005.05.01"]
[Round "9"]
[White "Starostits, Ilmars"]
[Black "Karpatchev, Aleksandr"]
[Result "1-0"]
[WhiteElo "2450"]
[BlackElo "2472"]
[PlyCount "67"]
[EventDate "2005.04.23"]

1. e4 c5 2. Nc3 g6 3. g3 Bg7 4. Bg2 Nc6 5. d3 d6 6. f4 e6 7. Nf3 Nge7 8. O-O
O-O 9. Be3 Nd4 10. e5 Nef5 11. Bf2 Nxf3+ 12. Qxf3 Nd4 13. Qd1 d5 14. Na4 b6 15.
b4 Bd7 16. bxc5 Bxa4 17. Bxd4 Rc8 18. cxb6 Rxc2 19. Rf2 Rxf2 20. Qxa4 Rxg2+ 21.
Kxg2 axb6 22. Qc6 Qe7 23. Qxb6 Rc8 24. Qb2 g5 25. fxg5 Qxg5 26. a4 Qg4 27. a5
h5 28. a6 h4 29. a7 h3+ 30. Kg1 Kh7 31. Rf1 Qg6 32. Qe2 Bh6 33. Qf3 Kg8 34. Ra1
1-0

[Event "XI Torneo Leonardo di Bona Magistrale"]
[Site "Cutro ITA"]
[Date "2005.05.01"]
[Round "9"]
[White "Van Hoolandt, Patrick"]
[Black "Sautto, Daniele"]
[Result "0-1"]
[WhiteElo "2181"]
[BlackElo "2119"]
[PlyCount "96"]
[EventDate "2005.04.23"]

1. d4 d5 2. c4 e6 3. Nf3 Nf6 4. Nc3 Be7 5. Qc2 O-O 6. cxd5 exd5 7. Bg5 Nbd7 8.
e3 Re8 9. Bd3 c6 10. h3 h6 11. Bf4 Nf8 12. O-O Bd6 13. Bxd6 Qxd6 14. Rab1 N6h7
15. Ne5 f6 16. Ng6 Ng5 17. f4 Ne4 18. Nxf8 Nxc3 19. bxc3 Kxf8 20. e4 dxe4 21.
Bxe4 Re7 22. f5 b6 23. Bf3 Bd7 24. Rbd1 Rae8 25. Bh5 Rd8 26. c4 Be8 27. c5 Qg3
28. Bf3 Qf4 29. Bg4 Qe3+ 30. Qf2 Qxf2+ 31. Kxf2 bxc5 32. dxc5 Rxd1 33. Rxd1 Re5
34. Rd8 Rxc5 35. Kg3 Ke7 36. Rb8 Ra5 37. Rb7+ Bd7 38. Rb2 Kd6 39. Kf4 h5 40.
Rd2+ Kc7 41. Bf3 Rxf5+ 42. Ke4 Ra5 43. Kd4 h4 44. Kc3 Bxh3 45. Kb4 Rb5+ 46. Ka4
Bd7 47. a3 Be6 48. Rd3 Kb6 0-1